<?xml version="1.0" encoding="UTF-8"?>
<record
    xmlns:xsi="http://www.w3.org/2001/XMLSchema-instance"
    xsi:schemaLocation="http://www.loc.gov/MARC21/slim http://www.loc.gov/standards/marcxml/schema/MARC21slim.xsd"
    xmlns="http://www.loc.gov/MARC21/slim">

  <leader>02416nam a22003377a 4500</leader>
  <controlfield tag="005">20120921151216.0</controlfield>
  <datafield tag="010" ind1=" " ind2=" ">
    <subfield code="a">B-481484-493</subfield>
  </datafield>
  <datafield tag="020" ind1=" " ind2=" ">
    <subfield code="a">9788124303108</subfield>
    <subfield code="c">45.00</subfield>
  </datafield>
  <datafield tag="035" ind1=" " ind2=" ">
    <subfield code="a">B-481484-493</subfield>
  </datafield>
  <datafield tag="037" ind1=" " ind2=" ">
    <subfield code="a">dpl</subfield>
    <subfield code="b">Pub</subfield>
  </datafield>
  <datafield tag="082" ind1=" " ind2=" ">
    <subfield code="a">S</subfield>
  </datafield>
  <datafield tag="245" ind1=" " ind2=" ">
    <subfield code="a">Vikas treasure of stories :</subfield>
    <subfield code="c">compiled and edited by S.D.Mulgaonkarl; illustrated by John Fernandes</subfield>
    <subfield code="b">lotus book /</subfield>
  </datafield>
  <datafield tag="260" ind1=" " ind2=" ">
    <subfield code="a"> New Delhi</subfield>
    <subfield code="b">Navneet Publications</subfield>
  </datafield>
  <datafield tag="270" ind1=" " ind2=" ">
    <subfield code="a">2-E/23, Orion Plaza, 2nd Floor Jhandewalan Extn.,</subfield>
    <subfield code="b">New Delhi</subfield>
    <subfield code="e">110055</subfield>
  </datafield>
  <datafield tag="300" ind1=" " ind2=" ">
    <subfield code="a">32p.</subfield>
    <subfield code="b">col.ill</subfield>
    <subfield code="c">27cm(pbk)</subfield>
  </datafield>
  <datafield tag="500" ind1=" " ind2=" ">
    <subfield code="a">Stories of virtue and wisdom</subfield>
  </datafield>
  <datafield tag="700" ind1=" " ind2=" ">
    <subfield code="9">40167</subfield>
  </datafield>
  <datafield tag="710" ind1=" " ind2=" ">
    <subfield code="9">52535</subfield>
  </datafield>
  <datafield tag="942" ind1=" " ind2=" ">
    <subfield code="2">ddc</subfield>
    <subfield code="c">CH</subfield>
    <subfield code="h">S</subfield>
    <subfield code="m">VIK</subfield>
  </datafield>
  <datafield tag="999" ind1=" " ind2=" ">
    <subfield code="c">70211</subfield>
    <subfield code="d">70211</subfield>
  </datafield>
  <datafield tag="952" ind1=" " ind2=" ">
    <subfield code="0">0</subfield>
    <subfield code="1">0</subfield>
    <subfield code="4">0</subfield>
    <subfield code="7">0</subfield>
    <subfield code="8">FIC</subfield>
    <subfield code="a">BL1</subfield>
    <subfield code="b">BL1</subfield>
    <subfield code="d">2012-10-15</subfield>
    <subfield code="e">Blue Berry/IN8485/14.04.2012/43/20.03.2012/19.06.2012</subfield>
    <subfield code="g">45.00</subfield>
    <subfield code="l">1</subfield>
    <subfield code="o">S VIK</subfield>
    <subfield code="p">B-481484</subfield>
    <subfield code="r">2023-01-17 00:00:00</subfield>
    <subfield code="s">2023-01-03</subfield>
    <subfield code="t">1</subfield>
    <subfield code="v">45.00</subfield>
    <subfield code="w">2012-10-15</subfield>
    <subfield code="y">CH</subfield>
  </datafield>
  <datafield tag="952" ind1=" " ind2=" ">
    <subfield code="0">0</subfield>
    <subfield code="1">0</subfield>
    <subfield code="4">0</subfield>
    <subfield code="7">0</subfield>
    <subfield code="8">FIC</subfield>
    <subfield code="a">KGM</subfield>
    <subfield code="b">KGM</subfield>
    <subfield code="d">2012-10-15</subfield>
    <subfield code="e">Blue Berry/IN8485/14.04.2012/43/20.03.2012/19.06.2012</subfield>
    <subfield code="g">45.00</subfield>
    <subfield code="l">0</subfield>
    <subfield code="o">S VIK</subfield>
    <subfield code="p">B-481485</subfield>
    <subfield code="r">2012-10-15 00:00:00</subfield>
    <subfield code="t">1</subfield>
    <subfield code="v">45.00</subfield>
    <subfield code="w">2012-10-15</subfield>
    <subfield code="y">CH</subfield>
  </datafield>
  <datafield tag="952" ind1=" " ind2=" ">
    <subfield code="0">0</subfield>
    <subfield code="1">0</subfield>
    <subfield code="4">0</subfield>
    <subfield code="7">0</subfield>
    <subfield code="8">FIC</subfield>
    <subfield code="a">PR</subfield>
    <subfield code="b">PR</subfield>
    <subfield code="d">2012-10-15</subfield>
    <subfield code="e">Blue Berry/IN8485/14.04.2012/43/20.03.2012/19.06.2012</subfield>
    <subfield code="g">45.00</subfield>
    <subfield code="l">0</subfield>
    <subfield code="o">S VIK</subfield>
    <subfield code="p">B-481486</subfield>
    <subfield code="r">2012-10-15 00:00:00</subfield>
    <subfield code="t">1</subfield>
    <subfield code="v">45.00</subfield>
    <subfield code="w">2012-10-15</subfield>
    <subfield code="y">CH</subfield>
  </datafield>
  <datafield tag="952" ind1=" " ind2=" ">
    <subfield code="0">0</subfield>
    <subfield code="1">0</subfield>
    <subfield code="4">0</subfield>
    <subfield code="7">0</subfield>
    <subfield code="8">FIC</subfield>
    <subfield code="a">TN</subfield>
    <subfield code="b">TN</subfield>
    <subfield code="d">2012-10-15</subfield>
    <subfield code="e">Blue Berry/IN8485/14.04.2012/43/20.03.2012/19.06.2012</subfield>
    <subfield code="g">45.00</subfield>
    <subfield code="l">0</subfield>
    <subfield code="o">S VIK</subfield>
    <subfield code="p">B-481487</subfield>
    <subfield code="r">2012-10-15 00:00:00</subfield>
    <subfield code="t">1</subfield>
    <subfield code="v">45.00</subfield>
    <subfield code="w">2012-10-15</subfield>
    <subfield code="y">CH</subfield>
  </datafield>
  <datafield tag="952" ind1=" " ind2=" ">
    <subfield code="0">0</subfield>
    <subfield code="1">0</subfield>
    <subfield code="4">0</subfield>
    <subfield code="7">0</subfield>
    <subfield code="8">FIC</subfield>
    <subfield code="a">CJ</subfield>
    <subfield code="b">CJ</subfield>
    <subfield code="d">2012-10-15</subfield>
    <subfield code="e">Blue Berry/IN8485/14.04.2012/43/20.03.2012/19.06.2012</subfield>
    <subfield code="g">45.00</subfield>
    <subfield code="l">0</subfield>
    <subfield code="o">S VIK</subfield>
    <subfield code="p">B-481488</subfield>
    <subfield code="r">2012-10-15 00:00:00</subfield>
    <subfield code="t">1</subfield>
    <subfield code="v">45.00</subfield>
    <subfield code="w">2012-10-15</subfield>
    <subfield code="y">CH</subfield>
  </datafield>
  <datafield tag="952" ind1=" " ind2=" ">
    <subfield code="0">0</subfield>
    <subfield code="1">0</subfield>
    <subfield code="4">0</subfield>
    <subfield code="7">0</subfield>
    <subfield code="8">FIC</subfield>
    <subfield code="a">JP</subfield>
    <subfield code="b">JP</subfield>
    <subfield code="d">2012-10-15</subfield>
    <subfield code="e">Blue Berry/IN8485/14.04.2012/43/20.03.2012/19.06.2012</subfield>
    <subfield code="g">45.00</subfield>
    <subfield code="l">4</subfield>
    <subfield code="o">S VIK</subfield>
    <subfield code="p">B-481489</subfield>
    <subfield code="r">2014-08-21 00:00:00</subfield>
    <subfield code="s">2014-08-06</subfield>
    <subfield code="t">1</subfield>
    <subfield code="v">45.00</subfield>
    <subfield code="w">2012-10-15</subfield>
    <subfield code="y">CH</subfield>
  </datafield>
  <datafield tag="952" ind1=" " ind2=" ">
    <subfield code="0">0</subfield>
    <subfield code="1">0</subfield>
    <subfield code="4">0</subfield>
    <subfield code="7">0</subfield>
    <subfield code="8">FIC</subfield>
    <subfield code="a">BN</subfield>
    <subfield code="b">BN</subfield>
    <subfield code="d">2012-10-15</subfield>
    <subfield code="e">Blue Berry/IN8485/14.04.2012/43/20.03.2012/19.06.2012</subfield>
    <subfield code="g">45.00</subfield>
    <subfield code="l">1</subfield>
    <subfield code="o">S VIK</subfield>
    <subfield code="p">B-481490</subfield>
    <subfield code="r">2024-04-29 00:00:00</subfield>
    <subfield code="s">2024-04-20</subfield>
    <subfield code="t">1</subfield>
    <subfield code="v">45.00</subfield>
    <subfield code="w">2012-10-15</subfield>
    <subfield code="y">CH</subfield>
  </datafield>
  <datafield tag="952" ind1=" " ind2=" ">
    <subfield code="0">0</subfield>
    <subfield code="1">0</subfield>
    <subfield code="4">0</subfield>
    <subfield code="7">0</subfield>
    <subfield code="8">FIC</subfield>
    <subfield code="a">NRR</subfield>
    <subfield code="b">NRR</subfield>
    <subfield code="d">2012-10-15</subfield>
    <subfield code="e">Blue Berry/IN8485/14.04.2012/43/20.03.2012/19.06.2012</subfield>
    <subfield code="g">45.00</subfield>
    <subfield code="l">0</subfield>
    <subfield code="o">S VIK</subfield>
    <subfield code="p">B-481491</subfield>
    <subfield code="r">2012-10-15 00:00:00</subfield>
    <subfield code="t">1</subfield>
    <subfield code="v">45.00</subfield>
    <subfield code="w">2012-10-15</subfield>
    <subfield code="y">CH</subfield>
  </datafield>
  <datafield tag="952" ind1=" " ind2=" ">
    <subfield code="0">0</subfield>
    <subfield code="1">0</subfield>
    <subfield code="4">0</subfield>
    <subfield code="7">0</subfield>
    <subfield code="8">FIC</subfield>
    <subfield code="a">BKK</subfield>
    <subfield code="b">BKK</subfield>
    <subfield code="d">2012-10-15</subfield>
    <subfield code="e">Blue Berry/IN8485/14.04.2012/43/20.03.2012/19.06.2012</subfield>
    <subfield code="g">45.00</subfield>
    <subfield code="l">0</subfield>
    <subfield code="o">S VIK</subfield>
    <subfield code="p">B-481492</subfield>
    <subfield code="r">2012-10-15 00:00:00</subfield>
    <subfield code="t">1</subfield>
    <subfield code="v">45.00</subfield>
    <subfield code="w">2012-10-15</subfield>
    <subfield code="y">CH</subfield>
  </datafield>
  <datafield tag="952" ind1=" " ind2=" ">
    <subfield code="0">0</subfield>
    <subfield code="1">0</subfield>
    <subfield code="4">0</subfield>
    <subfield code="7">0</subfield>
    <subfield code="8">FIC</subfield>
    <subfield code="a">NR</subfield>
    <subfield code="b">NR</subfield>
    <subfield code="d">2012-10-15</subfield>
    <subfield code="e">Blue Berry/IN8485/14.04.2012/43/20.03.2012/19.06.2012</subfield>
    <subfield code="g">45.00</subfield>
    <subfield code="l">0</subfield>
    <subfield code="o">S VIK</subfield>
    <subfield code="p">B-481493</subfield>
    <subfield code="r">2012-10-15 00:00:00</subfield>
    <subfield code="t">1</subfield>
    <subfield code="v">45.00</subfield>
    <subfield code="w">2012-10-15</subfield>
    <subfield code="y">CH</subfield>
  </datafield>
</record>
